Old kingdom copper tools and model tools /

This volume gathers the textual, iconographic and palaeographic evidence and examines artefacts in order to revise the common view on the use of copper alloy tools and model tools in the Old Kingdom.

محفوظ في:

المؤلف الرئيسي: Odler, Martin (مؤلف)

التنسيق: كتاب الكتروني

اللغة: English

منشور في: Oxford : Archaeopress, [2016]

سلاسل: Archaeopress Egyptology ; 14.

الموضوعات:

الوصول للمادة أونلاين: Login to view Source

الوسوم: إضافة وسم

لا توجد وسوم, كن أول من يضع وسما على هذه التسجيلة!

رقم الطلب: DT62.T65

LEADER 01678nam a2200397 i 4500
001 EDZ0001585173
003 StDuBDS
005 20230412181826.0
006 m|||||o||d||||||||
007 cr |||||||||||
008 161114s2016 enka f 000|0|eng|d
020 |a 9781784914431 (ebook) :  |c No price 
040 |a StDuBDS  |b eng  |c StDuBDS  |e rda  |e pn 
050 4 |a DT62.T65 
082 0 4 |a 932.012  |2 23 
100 1 |a Odler, Martin,  |e author. 
245 1 0 |a Old kingdom copper tools and model tools /  |c Martin Odler. 
264 1 |a Oxford :  |b Archaeopress,  |c [2016] 
300 |a 1 online resource :  |b illustrations (black and white, and colour). 
336 |a text  |2 rdacontent 
337 |a computer  |2 rdamedia 
338 |a online resource  |2 rdacarrier 
490 1 |a Archaeopress Egyptology ;  |v 14 
500 |a Previously issued in print: 2016. 
520 8 |a This volume gathers the textual, iconographic and palaeographic evidence and examines artefacts in order to revise the common view on the use of copper alloy tools and model tools in the Old Kingdom. 
521 |a Specialized. 
588 |a Description based on online resource; title from home page (viewed on November 14, 2016). 
651 0 |a Egypt  |x History  |y Old Kingdom, ca. 2686-ca. 2181 B.C. 
651 0 |a Egypt  |x Antiquities. 
650 0 |a Tools  |x History  |y To 1500. 
776 0 8 |i Print version :  |z 9781784914424 
830 0 |a Archaeopress Egyptology ;  |v 14. 
856 4 0 |3 Archaeopress  |u http://library.arce.org:8087/Archaeopress/Products/9781784914424 
942 |2 lcc  |c EBOOK 
952 |0 0  |1 0  |4 0  |6 DT0062 T65  |7 1  |9 46199  |a ARCH  |b ARCH  |d 2023-04-12  |l 0  |o DT62.T65  |r 2023-04-12 00:00:00  |w 2023-04-12  |y EBOOK 
999 |c 51857  |d 51857